Datum a čas kvízu
25.5
Celkem bodů
Celkový počet nahraných bodů na tomto kvízu bez doplňovacích otázek.
7.
Pořadí na kvízu
Konečné umístění týmu na tomto kvízu.
Zaznamenané odpovědi
| # | Otázka | Odpověď | Body | Výsledky |
|---|---|---|---|---|
| 1. | Česká advokátní komora uložila... | 1 | ||
| 2. | Nejmodernější typ policejního... | 1 | ||
| 3. | Ve zlínském obchodním a zábavn... | 1 | ||
| 5. | Velkou jarní cenu ovládl v ned... | 1 | ||
| 6. | Dědictví aneb Kurvahošigutntag... | 1 | ||
| 7. | Bohuš: "Není to ___, ten Kája?... | 1 | ||
| 8. | Kterou značku cigaret má Bohuš... | 1 | ||
| 9. | "Však je to sladké jak ___ ___... | 1 | ||
| 10. | Pták, kterého Bohuš koupil Ire... | 0 | ||
| 11. | Koordinovaný světový čas je oz... | 1 |